عرض عادي عرض مارك
  • Rex, Michael A.,

مدخل إسم شخص

عدد التسجيلات المستخدمة في: 1

001 - رقم الضبط

  • حقل الضبط: 10550

003 - معرف رقم الضبط

  • حقل الضبط: OSt

005 - تاريخ ووقت أخر عملية

  • حقل الضبط: 20120410090043.0

008 - عناصر بيانات ثابتة الطول

  • حقل تحكم ثابت الطول: 120410|||a|||||| | ||| d

040 ## - مصدر الفهرسة

  • هيئة الفهرسة الأصلية: OSt
  • وكالة الكتابة: OSt

100 ## - مدخل -- أسم شخص

  • إسم شخص: Rex, Michael A.,
  • تواريخ مرتبطة بالاسم: 1946-

670 ## - بيانات المصدر موجوده

  • الاستشهاد بالمصدر: Work cat.: (OSt)0: Rex, Michael A., 1946-, Deep-sea biodiversity :, 2010.